00470nam a22001337a 4500008004100000082001100041100002200052245003500074260005300109300000900162942000800171999001500179952014200194260507b |||||||| |||| 00| 0 eng d a001766 a K. Krishnamurthy aSrujanasheelate Mathu Panditya aMysurubDr. K. Krishnamurthy Research Foundation a102p 2ddc c1453d1453 00102ddc406001766_0000000000000007091805aKSUbKSUcGENd2026-05-07eVidyut Prakashanl0o001766p001766r2026-05-07w2026-05-07yBK